Central Library OPAC University of Rajshahi

Afghanistan / (Record no. 75326)

MARC details
000 -LEADER
fixed length control field 00664nam a2200241 a 4500
001 - CONTROL NUMBER
control field 75326
003 - CONTROL NUMBER IDENTIFIER
rucl marc code BD-RjUL
005 - DATE AND TIME OF LATEST TRANSACTION
control field 20211209082655.0
008 - FIXED-LENGTH DATA ELEMENTS--GENERAL INFORMATION
fixed length control field 500101s1967 xx i 001 0 eng d
020 ## - INTERNATIONAL STANDARD BOOK NUMBER
International Standard Book Number 9653910027
035 ## - SYSTEM CONTROL NUMBER
System control number (BD-RjUL)75544)
040 ## - CATALOGING SOURCE
Original cataloging agency NYP
Transcribing agency NYP
Modifying agency UkOxU
Language of cataloging eng
041 0# - LANGUAGE CODE
Language code of text/sound track or separate title engheb
082 ## - DEWEY DECIMAL CLASSIFICATION NUMBER
Edition number 23
Classification number 958.103
Author mark and year GRA 1967
092 ## - LOCALLY ASSIGNED DEWEY CALL NUMBER (OCLC)
Classification number D0401135203
100 1# - MAIN ENTRY--PERSONAL NAME
Personal name Griffiths, John C.
9 (RLIN) 228782
245 10 - TITLE STATEMENT
Title Afghanistan /
Statement of responsibility, etc. John C. Griffiths
260 ## - PUBLICATION, DISTRIBUTION, ETC. (IMPRINT)
Place of publication, distribution, etc. London :
Name of publisher, distributor, etc. Pall Mall,
Date of publication, distribution, etc. 1967
300 ## - PHYSICAL DESCRIPTION
Pagination 179 p. ;
Size 22 cm
504 ## - BIBLIOGRAPHY, ETC. NOTE
Bibliography, etc Includes bibliographical references and Index
650 #0 - SUBJECT ADDED ENTRY--TOPICAL TERM
Topical term or geographic name as entry element History
Geographic subdivision Afghanistan
Chronological subdivision 1747
9 (RLIN) 228783
942 ## - ADDED ENTRY ELEMENTS (KOHA)
Source of classification or shelving scheme Dewey Decimal Classification
Koha item type Books
Holdings
Lost status Source of classification or shelving scheme Damaged status Not for loan Collection code Permanent Location Current Location Shelving location Date acquired Total Checkouts Full call number Date last seen Copy number Koha item type
  Dewey Decimal Classification   Not For Loan Non-fiction Central Library, University of Rajshahi Central Library, University of Rajshahi Reading Room 02/03/2019   958.103 GRA 1967 02/03/2019 C-1 Books